Statistics for Naruto: General Knowledge

Click here to take the quiz!

General Stats

  • This quiz has been taken 211 times
    (203 since last reset)
  • The average score is 6 of 10

Answer Stats

QuestionAnswer% Correct
Who was Tsunade's fiancée?Dan
88%
What is the name of Uzumaki Naruto's father?Namikaze Minato
87%
What has Orochimaru ever been affiliated to?Konohagakure, Akatsuki, Otogakure
82%
Who was the first Akatsuki to perish in battle?Akasuna no Sasori
78%
The Sound Five is composed of Kimimaro, Sakon, Tayuya, Kidomaru, Jirobo and ...?Ukon
76%
Which element does the Uchiha clan seem to specialize in?Katon
69%
What common point do Uchiha Itachi, Haku and Ranmaru have?They travel with a Hidden Mist Swordsman
56%
Akatsuki Sasori's is first seen as one of his puppet. What is the puppet's name?Hiruko
49%
What's the name of the Cursed Seal given to both Uchiha Sasuke and Mitarashi Anko?Heaven Cursed Seal
39%
What is Momochi Zabuza's nickname given by Hoshigaki Kisame?Kid
8%

Score Distribution

Percentile by Number Answered

Percent of People with Each Score

Your Score History

You have not taken this quiz since the last reset